Diseño hidráulico del alcantarillado sanitario para la zona de Tortuguero
Guardado en:
| Hovedforfatter: | |
|---|---|
| Format: | Bog |
| Sprog: | Spanish |
| Udgivet: |
[San José], Costa Rica
2013
|
| Fag: |
ALCANTARILLADO - DISEÑO Y CONSTRUCCION - TORTUGUERO (LIMON, COSTA RICA)
> AGUAS RESIDUALES
> BOMBAS HIDRAULICAS
> ESTACIONES DE BOMBEO
> PURIFICACION DE AGUAS RESIDUALES
> SIMULACION POR COMPUTADORA
> PLANTAS PARA TRATAMIENTO DE AGUAS RESIDUALES
> CRECIMIENTO DE LA POBLACION
> INGENIERÍA HIDRAÚLICA
> INGENIERÍA SANITARIA
|
| Tags: |
Tilføj Tag
Ingen Tags, Vær først til at tagge denne postø!
|
MARC
| LEADER | 00000nam a22000007a 4500 | ||
|---|---|---|---|
| 003 | 011864 | ||
| 005 | 20221231143903.0 | ||
| 008 | 150318b2013 cr a|||| |||| 00| 0 spa d | ||
| 040 | |c cru CEDI | ||
| 090 | |a TFG 7032 | ||
| 100 | |9 568 |a Odio Pozuelo, Julián | ||
| 245 | |a Diseño hidráulico del alcantarillado sanitario para la zona de Tortuguero | ||
| 260 | |a [San José], Costa Rica |c 2013 | ||
| 650 | |x ALCANTARILLADO - DISEÑO Y CONSTRUCCION - TORTUGUERO (LIMON, COSTA RICA) |x AGUAS RESIDUALES |x BOMBAS HIDRAULICAS |x ESTACIONES DE BOMBEO |x PURIFICACION DE AGUAS RESIDUALES |x SIMULACION POR COMPUTADORA |x PLANTAS PARA TRATAMIENTO DE AGUAS RESIDUALES |x CRECIMIENTO DE LA POBLACION |x INGENIERÍA HIDRAÚLICA |x INGENIERÍA SANITARIA |9 569 | ||
| 942 | |c TFG | ||
| 999 | |c 13752 |d 13752 | ||
